TEST WIEDZY dla kolegi ignacego - Statystyki

Ogólne statystyki
  • Ten quiz został rozwiązany 789 razy
  • Średni wynik to 4 z 5
Statystyki odpowiedzi
Zagadnienie Odpowiedź % Poprawnych
ILE TO JEST 2 + 4 6
98%
CO OZNACZA SŁOWO PRESTIŻ Bogactwo,Ktoś jest bogaty, gdy ktoś ma drogie rzeczy to wtedy są prestiżowe
92%
CO ZNACZY SCOOTER PO ANGIELSKU? Hulajnoga
83%
JAKIEGO MIASTA JEST TABLICA REJESTRACYJNA CT Toruń
55%
JAKI KRAJ WYGRAŁ EUROWIZJE W 2019R.? Holandia
42%
Nie znaleziono quizów pasujących do podanych kryteriów
Rozkład punktacji
Procent ludzi z każdym wynikiem
Percentyl według liczby udzielonych odpowiedzi
Twoja historia wyników
Nie rozwiązałeś tego quizu